|
|
|
|
| LEADER |
00000nlm0a2200000 4500 |
| 001 |
303522 |
| 005 |
20231102001618.0 |
| 035 |
|
|
|a (RuTPU)RU\TPU\book\328745
|
| 035 |
|
|
|a RU\TPU\book\328736
|
| 090 |
|
|
|a 303522
|
| 100 |
|
|
|a 20150903d2015 k y0rusy50 ca
|
| 101 |
0 |
|
|a rus
|
| 102 |
|
|
|a RU
|
| 105 |
|
|
|a a dm 001zy
|
| 135 |
|
|
|a drcn ---uucaa
|
| 181 |
|
0 |
|a i
|
| 182 |
|
0 |
|a b
|
| 200 |
1 |
|
|a Синтез систем адаптивной синхронизации генераторов с электрической сетью на основе методов автоматического управления с эталонной моделью
|b Электронный ресурс
|e автореферат диссертации на соискание ученой степени кандидата технических наук
|e спец. 05.14.02
|f Н. А. Беляев
|g Национальный исследовательский Томский политехнический университет (ТПУ), Энергетический институт (ЭНИН), Кафедра электрических сетей и электротехники (ЭСиЭ) ; науч. рук. Ю. В. Хрущёв
|
| 203 |
|
|
|a Текст
|c электронный
|
| 210 |
|
|
|a Томск
|d 2015
|
| 215 |
|
|
|a 1 файл (1.8 Mb)
|
| 230 |
|
|
|a Электронные текстовые данные (1 файл : 1.8 Mb)
|
| 300 |
|
|
|a Заглавие с титульного экрана
|
| 300 |
|
|
|a Электронная версия печатной публикации
|
| 337 |
|
|
|a Adobe Reader
|
| 452 |
|
1 |
|0 (RuTPU)RU\TPU\book\332620
|t Синтез систем адаптивной синхронизации генераторов с электрической сетью на основе методов автоматического управления с эталонной моделью
|o автореферат диссертации на соискание ученой степени кандидата технических наук
|o спец. 05.14.02
|f Н. А. Беляев
|g Национальный исследовательский Томский политехнический университет (ТПУ) ; науч. рук. Ю. В. Хрущёв
|c Томск
|n [Б. и.]
|d 2015
|p 18 с.
|a Беляев, Николай Александрович
|
| 606 |
1 |
|
|a Электроэнергетические системы
|2 stltpush
|3 (RuTPU)RU\TPU\subj\21043
|9 46092
|
| 610 |
1 |
|
|a авторефераты диссертаций
|
| 610 |
1 |
|
|a электронный ресурс
|
| 610 |
1 |
|
|a труды учёных ТПУ
|
| 610 |
1 |
|
|a электрические сети
|
| 610 |
1 |
|
|a генераторы
|
| 610 |
1 |
|
|a автоматическая синхронизация
|
| 610 |
1 |
|
|a эталонные модели
|
| 610 |
1 |
|
|a устройства
|
| 610 |
1 |
|
|a методы
|
| 610 |
1 |
|
|a средства
|
| 610 |
1 |
|
|a измерительные блоки
|
| 610 |
1 |
|
|a синтез
|
| 610 |
1 |
|
|a адаптивная синхронизация
|
| 675 |
|
|
|a 621.311(04)
|v 3
|
| 686 |
|
|
|a 05.14.02
|2 oksvnk
|
| 700 |
|
1 |
|a Беляев
|b Н. А.
|c специалист в области электроэнергетики
|c инженер Томского политехнического университета
|f 1988-
|g Николай Александрович
|2 stltpush
|3 (RuTPU)RU\TPU\pers\33090
|
| 702 |
|
1 |
|a Хрущёв
|b Ю. В.
|c специалист в области электроэнергетики
|c профессор Томского политехнического университета, доктор технических наук
|f 1942-
|g Юрий Васильевич
|2 stltpush
|3 (RuTPU)RU\TPU\pers\26724
|4 727
|
| 712 |
0 |
2 |
|a Национальный исследовательский Томский политехнический университет (ТПУ)
|b Энергетический институт (ЭНИН)
|b Кафедра электрических сетей и электротехники (ЭСиЭ)
|h 6979
|2 stltpush
|3 (RuTPU)RU\TPU\col\18677
|
| 801 |
|
2 |
|a RU
|b 63413507
|c 20151112
|g RCR
|
| 856 |
4 |
|
|u http://www.lib.tpu.ru/fulltext/a/2015/21.pdf
|
| 942 |
|
|
|c CF
|